La ciudad del futuro
Պահպանված է:
| Հիմնական հեղինակ: | |
|---|---|
| Ձևաչափ: | Գիրք |
| Լեզու: | իսպաներեն |
| Հրապարակվել է: |
Buenos Aires
Infinito
1962
|
| Շարք: | Biblioteca de Planeamiento y Vivienda, 6
|
| Խորագրեր: | |
| Ցուցիչներ: |
Ավելացրեք ցուցիչ
Չկան պիտակներ, Եղեք առաջինը, ով նշում է այս գրառումը!
|
MARC
| LEADER | 00000nam a2200000 a 4500 | ||
|---|---|---|---|
| 001 | UCV9966 | ||
| 003 | CL-VaPUC | ||
| 008 | 930819e19620000AG |||||||||||||||||spa|d | ||
| 082 | 0 | 4 | |a 711.4 |b LEC |2 21 |
| 100 | |a Le Corbusier |e author |9 265037 | ||
| 245 | 1 | 3 | |a La ciudad del futuro |
| 300 | |a 181 p | ||
| 942 | |c BK | ||
| 945 | |d 19930819 00:00:00 | ||
| 260 | |a Buenos Aires |b Infinito |c 1962 | ||
| 650 | 0 | |a Urbanismo |9 255208 | |
| 650 | 0 | |a Planificación urbana |9 258176 | |
| 583 | |a last modification |c 19930819 00:00:00 |k Rodrigo Vera | ||
| 490 | 0 | |a Biblioteca de Planeamiento y Vivienda, 6 | |
| 999 | |c 215233 |d 215231 | ||
| 952 | |0 0 |1 0 |4 0 |6 711_400000000000000_LEC_1962 |7 0 |8 A |9 199280 |a BIBARQ |b BIBARQ |d 2019-11-14 |i 2665948 |o 711.4 LEC 1962 |p 2665948 |r 2025-01-20 |w 2019-11-14 |y BK |k ARQ | ||
| 952 | |0 0 |1 0 |4 0 |6 711_400000000000000_LEC_1962 |7 0 |8 A |9 199281 |a BIBARQ |b BIBARQ |d 2019-11-14 |i 2665956 |l 1 |o 711.4 LEC 1962 |p 2665956 |r 2025-01-20 |s 2023-07-11 |w 2019-11-14 |y BK |k ARQ | ||